[Event "Central America & Caribbean U18"]
[Site "Palmira"]
[Date "2014.10.07"]
[Round "8.7"]
[White "Olarte Parra, Jhoan Sebastian"]
[Black "Centeno, Angel"]
[Result "1-0"]
[WhiteElo "1978"]
[BlackElo "1751"]
[PlyCount "49"]
[EventDate "2014.10.04"]
[EventType "swiss"]
[EventRounds "9"]
[EventCountry "COL"]
[SourceTitle "EXT 2024"]
[Source "ChessBase"]
[SourceDate "2023.10.10"]
[SourceVersion "1"]
[SourceVersionDate "2023.10.10"]
[SourceQuality "1"]

1. e4 e6 2. d3 d5 3. Qe2 dxe4 4. dxe4 h6 5. Nf3 Nf6 6. g3 Bc5 7. Bg2 0-0 8. 0-0 Nc6 9. e5 Nd5 10. Rd1 Qe7 11. a3 Bd7 12. c4 Nb6 13. b4 Bxb4 14. axb4 Qxb4 15. Ba3 Qa5 16. Ra2 Nb4 17. Rb2 c5 18. Nd4 Ba4 19. Nb3 Bxb3 20. Rxb3 Qa4 21. Nd2 Rfd8 22. Rdb1 Rxd2 23. Qxd2 Nxc4 24. Qc1 Na2 25. Qc2 1-0

[Event "Central America & Caribbean U18"]
[Site "Palmira"]
[Date "2014.10.06"]
[Round "6.7"]
[White "Centeno, Angel"]
[Black "Smith, Shreyas"]
[Result "0-1"]
[WhiteElo "1751"]
[BlackElo "2065"]
[PlyCount "64"]
[EventDate "2014.10.04"]
[EventType "swiss"]
[EventRounds "9"]
[EventCountry "COL"]
[SourceTitle "EXT 2024"]
[Source "ChessBase"]
[SourceDate "2023.10.10"]
[SourceVersion "1"]
[SourceVersionDate "2023.10.10"]
[SourceQuality "1"]

1. d4 Nf6 2. c4 c5 3. d5 b5 4. Nc3 a6 5. e4 b4 6. e5 bxc3 7. exf6 cxb2 8. Bxb2 Qa5+ 9. Qd2 Qxd2+ 10. Kxd2 gxf6 11. Re1 Kd8 12. f4 d6 13. Ne2 Rg8 14. Nc3 f5 15. g3 Bh6 16. Kd1 Nd7 17. Bd3 Nb6 18. a4 Rb8 19. Kc2 a5 20. Re2 Ba6 21. Rhe1 Rb7 22. Bxf5 Bxc4 23. Bxh7 Rh8 24. Bd3 Bxd3+ 25. Kxd3 Bg7 26. Kc2 Rh5 27. g4 Rh3 28. Rd2 Nc4 29. Nb5 Bxb2 30. Rde2 Bd4 31. Kc1 Na3 32. Nxd6 Rb1+ 0-1

[Event "Central America & Caribbean U18"]
[Site "Palmira"]
[Date "2014.10.06"]
[Round "5.4"]
[White "Lopez Gonzalez, Abel Fabian"]
[Black "Centeno, Angel"]
[Result "1-0"]
[WhiteElo "2317"]
[BlackElo "1751"]
[PlyCount "47"]
[EventDate "2014.10.04"]
[EventType "swiss"]
[EventRounds "9"]
[EventCountry "COL"]
[SourceTitle "EXT 2024"]
[Source "ChessBase"]
[SourceDate "2023.10.10"]
[SourceVersion "1"]
[SourceVersionDate "2023.10.10"]
[SourceQuality "1"]

1. e4 e6 2. d3 d5 3. Nd2 Nc6 4. Ngf3 Bd6 5. g3 Nge7 6. Bg2 d4 7. c3 e5 8. cxd4 exd4 9. 0-0 Bg4 10. Qa4 0-0 11. h3 Bxf3 12. Nxf3 Ne5 13. Nxe5 Bxe5 14. Qb5 Nc6 15. f4 Bd6 16. e5 Rb8 17. exd6 Qxd6 18. Bd2 a6 19. Qd5 Qg6 20. Qf3 Rfe8 21. Rfe1 Ne7 22. g4 c6 23. f5 Qd6 24. Bf4 1-0